Numbers : rational and irrational /
Guardado en:
| Autor Principal: | |
|---|---|
| Formato: | Libro |
| Idioma: | English |
| Publicado: |
New York :
Random House : L. W. Singer,
c1961.
|
| Series: | New mathematical library ;
1 |
| Etiquetas: |
Agregar Etiqueta
Sin Etiquetas, Sea el primero en etiquetar este registro!
|
| LEADER | 00540nam a22001695a 4500 | ||
|---|---|---|---|
| 001 | MAT.inmabb001426 | ||
| 008 | 031124s1961####nyu###########001#0#eng#d | ||
| 005 | 20130227161523.0 | ||
| 245 | 1 | 0 | |a Numbers : |b rational and irrational / |c by Ivan Niven. |
| 260 | |a New York : |b Random House : |b L. W. Singer, |c c1961. | ||
| 300 | |a viii, 136 p. ; |c 23 cm. | ||
| 440 | 0 | |a New mathematical library ; |v 1 | |
| 510 | 4 | |a MR, |c 24 #A66 | |
| 100 | 1 | |a Niven, Ivan Morton, |d 1915- | |
| 084 | |a 11-01 |2 msc2000 | ||
| 010 | |a 61006226 | ||
| 859 | |h 11 |i N734n |p A-1689 |b BIB. MATEMATICA | ||
